[Event "4th Open A"]
[Site "Moscow RUS"]
[Date "2008.02.08"]
[Round "7"]
[White "Evdokimov,Alexa"]
[Black "Gagarin,V"]
[Result "1-0"]
[WhiteElo "2569"]
[BlackElo "2378"]

1.d4 d5 2.c4 c6 3.Nf3 Nf6 4.Nc3 e6 5.e3 Nbd7 6.Qc2 Bd6 7.g4 h6 8.Bd2 b5 9.cxd5 exd5
10.h3 Bb7 11.Nh4 b4 12.Nf5 Bf8 13.Ne2 Ne4 14.Bg2 Nxd2 15.Qxd2 Nf6 16.Nf4 g6
17.Ng3 Bd6 18.Nd3 Qe7 19.Rc1 O-O 20.Nc5 Rae8 21.O-O Bc8 22.Rfe1 Bxg3 23.fxg3 Qd6
24.Qf2 h5 25.gxh5 Nxh5 26.g4 Ng3 27.Nd3 f5 28.Ne5 Ne4 29.Qh4 Bd7 30.Qh6 Re6
31.Bxe4 dxe4 32.Rf1 Be8 33.Rc2 fxg4 34.Rxf8+ Qxf8 35.Qxf8+ Kxf8 36.hxg4 Rd6
37.Rc4 a5 38.Kg2 g5 39.Rc5 Rd5 40.Rc2 c5 41.Rxc5 Rxc5 42.dxc5 Ke7 43.Nc4 a4
44.a3 bxa3 45.bxa3 Bf7 46.Nd6 Bb3 47.Kf2  1-0

[Event "4th Open A"]
[Site "Moscow RUS"]
[Date "2008.02.08"]
[Round "7"]
[White "Belous,V"]
[Black "Slugin,S"]
[Result "0-1"]
[WhiteElo "2312"]
[BlackElo "2402"]

1.d4 d5 2.c4 c6 3.Nc3 Nf6 4.e3 e6 5.Nf3 Nbd7 6.Qc2 Bd6 7.g4 h6 8.Rg1 e5 9.g5 hxg5
10.Rxg5 exd4 11.Nxd4 Kf8 12.cxd5 Nxd5 13.e4 Nxc3 14.bxc3 c5 15.Nf5 Ne5 16.Bg2 Rxh2
17.Nxd6 Qxd6 18.Qd2 Qxd2+ 19.Bxd2 Bg4 20.Rxe5 Rxg2 21.Kf1 Rh2 22.Kg1 Rh5
23.Rxh5 Bxh5 24.Be3 b6 25.a4 Bf3 26.e5 Re8 27.Bf4 Ke7 28.Kh2 Ke6 29.Kg3 Bd5
30.Rb1 Kf5 31.Rd1 Bc6 32.a5 Re6 33.Be3 Rg6+ 34.Kh2 Kxe5 35.axb6 axb6 36.Rd8 Re6
37.Kg3 Ke4 38.Kg4 Rg6+ 39.Kh4 Bd5 40.Rd7 Be6 41.Rd6 Rg1 42.Rxb6 Kf3 43.Kh5 Rh1+
44.Kg5 Bg4  0-1

[Event "Bundesliga 2007-8"]
[Site "Godesberg GER"]
[Date "2008.02.09"]
[Round "8"]
[White "Kveinys,A"]
[Black "Hansen,SuB"]
[Result "0-1"]
[WhiteElo "2521"]
[BlackElo "2549"]

1.d4 d5 2.Nf3 Nf6 3.c4 c6 4.Nc3 e6 5.e3 Nbd7 6.b3 Bb4 7.Bd2 O-O 8.Bd3 Qe7
9.O-O Rd8 10.Qc2 h6 11.Rad1 e5 12.dxe5 Nxe5 13.Nxe5 Qxe5 14.Nxd5 cxd5 15.Bxb4 Ng4
16.g3 Qh5 17.h4 Ne5 18.f4 Nxd3 19.Qxd3 Bf5 20.Qd4 dxc4 21.Qxd8+ Rxd8 22.Rxd8+ Kh7
23.bxc4 Qg6 24.Be1 Bh3 25.f5 Qf6 26.Rd5 Qb2 27.Rd2 Qc1 28.e4 Bxf1 29.Kxf1 Qxc4+
30.Re2 h5 31.Bf2 Qd3 32.Bxa7 Qxg3 33.Bf2 Qd3 34.a4 f6 35.a5 Kg8 36.Bb6 Qh3+
37.Kg1 Qxh4 38.Bc7 Qg5+ 39.Kf2 Qc1 40.Bb6 Qf4+ 41.Kg2 Kf7 42.Re3 Ke8 43.Kh3 Qg4+
44.Kh2 Kd7 45.Rd3+ Kc6 46.Rc3+ Kb5 47.Rb3+ Kc4 48.Re3 Qf4+ 49.Kg2 Kb4 50.Kh3 Kc4
51.Kg2 Kb5 52.Kh3 Kc6 53.Rc3+ Kd7 54.Rd3+ Ke8 55.Re3 Kf7 56.Kg2 Kg8 57.Re2 Kh7
58.Re3 Kh6 59.Re2 Qg4+ 60.Kf2 Qf4+ 61.Kg2 Kh7 62.Re3 h4 63.Kh3 Kh6 64.Kg2 Kh5
65.Kg1 Kg4 66.Rd3 Qc1+ 67.Kf2 Qc2+  0-1

[Event "Bundesliga 2007-8"]
[Site "Zehlendorf GER"]
[Date "2008.02.09"]
[Round "8"]
[White "Berczes,D"]
[Black "Ribli,Z"]
[Result "0-1"]
[WhiteElo "2429"]
[BlackElo "2577"]

1.d4 d5 2.c4 c6 3.Nc3 Nf6 4.e3 e6 5.Nf3 Nbd7 6.Qc2 Bd6 7.g4 h6 8.Bd2 dxc4
9.Bxc4 b5 10.Be2 Bb7 11.e4 b4 12.Na4 Be7 13.e5 Nd5 14.O-O Rc8 15.Nc5 Bxc5
16.dxc5 Qc7 17.a3 b3 18.Qc4 Nxe5 19.Qxb3 Nxg4 20.Qa4 f5 21.h3 Ngf6 22.Bd3 O-O
23.Qh4 Ne4 24.Bxe4 fxe4 25.Qxe4 Ba6 26.Rfe1 Qf7 27.Kg2 e5 28.Qg4 Rce8 29.Qg3 e4
30.Nd4 Qf6 31.Be3 Re5 32.h4 Rh5 33.Rh1 Bd3 34.Rh2 Nxe3+ 35.fxe3 Rxc5 36.Rhh1 Rd5
37.b4 Rxd4 38.exd4 Qxd4 39.Rhe1 Rf3 40.Qb8+ Kh7 41.Ra2 Qf6 42.Kg1 Qxh4 43.Rd1 Rg3+  0-1

[Event "TCh-BEL 2007-8"]
[Site "Belgium BEL"]
[Date "2008.02.10"]
[Round "8"]
[White "Goormachtigh,J"]
[Black "Sprangers,R"]
[Result "0-1"]
[WhiteElo "2238"]
[BlackElo "2180"]

1.d4 d5 2.c4 c6 3.Nf3 Nf6 4.Nc3 e6 5.e3 Nbd7 6.Bd3 dxc4 7.Bxc4 b5 8.Bd3 a6
9.e4 c5 10.e5 cxd4 11.Nxb5 axb5 12.exf6 gxf6 13.O-O Qb6 14.Qe2 Bb7 15.Bf4 Bd5
16.Bxb5 Rg8 17.Bg3 Bd6 18.Rfd1 Rg4 19.Bxd7+ Kxd7 20.Ne5+ fxe5 21.Qxg4 Qd8
22.Re1 Qg8 23.Qxg8 Rxg8 24.Bxe5 Bxg2 25.Bxd6 Kxd6 26.f4 Bc6+ 27.Kf1 Rg4 28.Ke2 Rxf4
29.a4 Rh4 30.Kd2 e5 31.a5 e4 32.a6 Rxh2+ 33.Re2 e3+ 34.Kd3 Bb5+ 35.Kxd4 Rxe2
36.a7 Rd2+ 37.Kxe3 Re2+ 38.Kf4 Bc6 39.a8=Q Bxa8 40.Rxa8 Rxb2 41.Rh8 Rh2 42.Re8 Kd7
43.Re1 Rh6 44.Kf5 Rg6 45.Rh1 h6 46.Re1 Re6 47.Ra1 Ke7 48.Ra8 Rb6 49.Ra7+ Kf8
50.Rc7 Kg7 51.Ra7 Rb5+ 52.Kg4 Kg6 53.Ra6+ f6 54.Ra4 Rb3 55.Rc4 h5+ 56.Kf4 h4
57.Kg4 h3 58.Rc2 Re3 59.Ra2 f5+ 60.Kf4 Re7 61.Kg3 Rh7 62.Kh2 Kg5 63.Ra4 f4
64.Ra5+ Kg4 65.Ra8 Re7 66.Rg8+ Kf3 67.Rf8 Re1 68.Rf7 Re6 69.Rf8 Ke3 70.Kxh3 f3
71.Kg3 Rg6+ 72.Kh2 f2 73.Re8+ Kf3 74.Rf8+ Ke2 75.Re8+ Kf1 76.Rh8 Rg2+ 77.Kh3 Kg1  0-1

[Event "TCh-BEL 2007-8"]
[Site "Belgium BEL"]
[Date "2008.02.10"]
[Round "8"]
[White "Golod,V"]
[Black "Maenhout,T"]
[Result "1-0"]
[WhiteElo "2606"]
[BlackElo "2274"]

1.d4 d5 2.c4 c6 3.Nf3 Nf6 4.e3 e6 5.Nc3 Nbd7 6.Qc2 Bd6 7.Bd3 O-O 8.O-O dxc4
9.Bxc4 e5 10.h3 Qe7 11.Bb3 a6 12.Bd2 Rb8 13.Rae1 c5 14.Ng5 Nb6 15.dxc5 Bxc5
16.Nce4 Nxe4 17.Nxe4 Bd6 18.Ba5 Na8 19.Qd2 b6 20.Nxd6 bxa5 21.Nxc8 Rbxc8
22.Qxa5 Rc6 23.Rc1 Rg6 24.Rc5 Qg5 25.g3 Qh5 26.Kg2 Qe2 27.Re1  1-0

[Event "FSGM February"]
[Site "Budapest HUN"]
[Date "2008.02.10"]
[Round "9"]
[White "Roussel Roozmon,T"]
[Black "Prohaszka,P2"]
[Result "1-0"]
[WhiteElo "2442"]
[BlackElo "2495"]

1.d4 d5 2.c4 e6 3.Nf3 Nf6 4.Nc3 c6 5.e3 Nbd7 6.Bd3 dxc4 7.Bxc4 b5 8.Be2 Bb7
9.O-O Be7 10.e4 b4 11.e5 bxc3 12.exf6 gxf6 13.bxc3 c5 14.Rb1 Be4 15.Bd3 Bxd3
16.Qxd3 Nb6 17.Ba3 cxd4 18.Bxe7 Qxe7 19.Nxd4 O-O 20.Rb5 f5 21.Qg3+ Kh8 22.Qe5+ Kg8
23.Nxf5 Qg5 24.h4 Qxf5 25.Qg3+ Qg6 26.Rg5 Kh8 27.Rxg6 hxg6 28.Qe5+ Kh7 29.h5 Rad8
30.hxg6+ Kxg6 31.g3 Rd5 32.Qe4+ Kf6 33.Kg2 Ke7 34.Qb4+ Rd6 35.Rd1 Nd5 36.Qc5 Rd8
37.Qxa7+ R8d7 38.Qa3 Kf6 39.Rd4 e5 40.Rh4 Ke6 41.c4 Ne7 42.Rh6+ Ng6 43.Qc5 Ra6
44.a4 Rda7 45.Qd5+ Ke7 46.Rh7 Kf6 47.c5 Rxa4 48.Rxf7+ Rxf7 49.Qc6+ Kf5 50.Qxa4 e4
51.Qd4 Ne5 52.Qd5 Rd7 53.g4+ Kf4 54.Qe6 Rf7 55.c6 e3 56.f3 e2 57.Qh6+  1-0

[Event "FSGM February"]
[Site "Budapest HUN"]
[Date "2008.02.10"]
[Round "9"]
[White "Bui Vinh"]
[Black "Nguyen Huynh Minh Huy"]
[Result "1/2-1/2"]
[WhiteElo "2482"]
[BlackElo "2398"]

1.d4 d5 2.c4 c6 3.Nc3 Nf6 4.Nf3 e6 5.e3 Nbd7 6.Bd3 dxc4 7.Bxc4 b5 8.Bd3 Bb7
9.e4 b4 10.Na4 c5 11.e5 Nd5 12.O-O cxd4  1/2-1/2

[Event "FSIMB February"]
[Site "Budapest HUN"]
[Date "2008.02.10"]
[Round "9"]
[White "Galyas,M"]
[Black "Farago,S"]
[Result "1-0"]
[WhiteElo "2432"]
[BlackElo "2247"]

1.d4 d5 2.c4 c6 3.Nc3 Nf6 4.e3 e6 5.Nf3 Bd6 6.Bd3 Nbd7 7.O-O O-O 8.e4 dxc4
9.Bxc4 e5 10.Bg5 b5 11.Bd3 h6 12.Bh4 exd4 13.Nxd4 Ne5 14.Bc2 Bg4 15.f3 Bc5
16.Bf2 Bd7 17.Kh1 Qe7 18.f4 Nc4 19.b3 Na3 20.Bd3 Rfd8 21.Qe1 Ng4 22.Nce2 Nxf2+
23.Qxf2 Bb6 24.Qf3 c5 25.Nf5 Bxf5 26.exf5 c4 27.Be4 Rac8 28.b4 Qxb4 29.f6 g6
30.f5 g5 31.Nf4 Bd4 32.Qh5 Bxf6 33.Qxh6 Bg7 34.Qxg5 Qd6 35.Ne6 fxe6 36.f6 Rc7
37.Qg6  1-0

[Event "FSGM February"]
[Site "Budapest HUN"]
[Date "2008.02.10"]
[Round "9"]
[White "Porat,I"]
[Black "Arngrimsson,D"]
[Result "1/2-1/2"]
[WhiteElo "2272"]
[BlackElo "2359"]

1.c4 c6 2.Nf3 Nf6 3.Nc3 d5 4.e3 e6 5.d4 Nbd7 6.Bd3 dxc4 7.Bxc4 b5 8.Bd3 a6
9.e4 c5 10.e5 cxd4 11.Nxb5 Ng4 12.Qa4 Rb8 13.Nd6+ Bxd6 14.exd6 Bb7 15.Qxd4 Bxf3
16.gxf3 Qa5+ 17.Qc3 Qxc3+ 18.bxc3 Nge5 19.Bxa6 Nxf3+ 20.Ke2 Rb6 21.Bd3 Nfe5
22.Rd1 O-O 23.a4 Nxd3 24.Rxd3 Rc8 25.Be3 e5 26.Rc1  1/2-1/2

[Event "Bundesliga 2007-8"]
[Site "Solingen GER"]
[Date "2008.02.10"]
[Round "9"]
[White "Jussupow,Ar"]
[Black "Bobras,P"]
[Result "1/2-1/2"]
[WhiteElo "2585"]
[BlackElo "2581"]

1.d4 d5 2.c4 c6 3.Nc3 Nf6 4.e3 e6 5.Nf3 Nbd7 6.Qc2 Bd6 7.Bd3 O-O 8.O-O dxc4
9.Bxc4 a6 10.a4 c5 11.Rd1 Qc7 12.Ne4 Nxe4 13.Qxe4 Nf6 14.Qh4 cxd4 15.Bd3 Qc5
16.Ng5 h6 17.exd4 Qd5 18.Ne4 Be7 19.Bg5 Qd8 20.Nxf6+ Bxf6 21.Qe4 Re8 22.Qh7+ Kf8
23.Bf4 Ke7 24.Rac1 Qb6 25.Rc7+ Bd7 26.d5 e5 27.Bf5 Qxc7  1/2-1/2

[Event "Bundesliga 2007-8"]
[Site "Solingen GER"]
[Date "2008.02.10"]
[Round "9"]
[White "Gonda,L"]
[Black "Ragger,M"]
[Result "1/2-1/2"]
[WhiteElo "2507"]
[BlackElo "2530"]

1.d4 d5 2.c4 c6 3.Nc3 Nf6 4.e3 e6 5.Nf3 Nbd7 6.Qc2 Bd6 7.g4 h6 8.Rg1 e5 9.cxd5 cxd5
10.h4 e4 11.g5 hxg5 12.hxg5 exf3 13.gxf6 Nxf6 14.Bd2 Kf8 15.Qd1 Ne4 16.Qxf3 Nxd2
17.Kxd2 Be6 18.Rh1 Rxh1 19.Qxh1 Rc8 20.Qh8+ Ke7 21.Qxd8+ Rxd8 22.a3 Bb8 23.Bg2 Kd6
24.Bf3 f6 25.Rh1 Bf7 26.Rh7 Rg8 27.Bh5 Be6 28.Bg6 Ke7 29.Rh5 Rd8 30.Bc2 Bc7
31.Bb1 Ba5 32.b4 Bb6 33.f4 a5 34.Rh7 axb4 35.axb4 Kf8 36.Rh8+ Ke7 37.Rxd8 Bxd8
38.f5 Bf7 39.Ba2 g6 40.fxg6 Bxg6 41.Bxd5 b6 42.e4 Kd6 43.Kd3 Be7 44.Kc4 Be8
45.Bg8 Bc6 46.Bf7 Bd8 47.b5 Bd7 48.Nd5 Bh3 49.Nf4 Bd7 50.Ng6 Bg4 51.Nf4 Bd7
52.Bg6 Be6+ 53.Kb4 Be7 54.Be8 Bg8 55.Ng6 Bd8 56.Bc6 Bf7 57.Nh4 Be6 58.Kc3 Kc7
59.Ng6 Bf7 60.Nf4 Kd6 61.Bd5 Be8 62.Bc4 Bd7 63.Kd3 Bc8 64.Ke3 Be7 65.Ng6 Bd8
66.Kf4 Bd7 67.Kg3 Bc8 68.Nf4 Bb7 69.Bd5 Bc8 70.Bc6 Be6 71.Nh5 Bf7 72.Nf4 Be6
73.Bd5 Bc8 74.Kf3 Be7 75.Ng6 Bd8 76.Bc4 Bh3 77.Nf4 Bc8 78.Nd5 Bb7 79.Ne3 Bc8
80.Kf4 Bd7 81.Nd1 Be7 82.Nc3 Bd8 83.Be2 Bc7 84.Bg4 Be8 85.Bc8 Bd8 86.Kf5 Be7
87.Be6 Bd8 88.Bc4 Bd7+ 89.Kg6 Be8+ 90.Kg7 Bh5 91.Be2 Be8 92.Nd5 f5 93.Kf8 Bd7
94.Nc3  1/2-1/2

[Event "FSGM February"]
[Site "Budapest HUN"]
[Date "2008.02.11"]
[Round "10"]
[White "Rajlich,I"]
[Black "Porat,I"]
[Result "0-1"]
[WhiteElo "2437"]
[BlackElo "2272"]

1.Nf3 d5 2.c4 c6 3.e3 Nf6 4.Nc3 e6 5.d4 Nbd7 6.Qc2 Bd6 7.g4 h6 8.Rg1 e5 9.cxd5 Nxd5
10.Bd2 exd4 11.Ne4 Ne5 12.Nxd4 O-O 13.Nxd6 Qxd6 14.Be2 Nb4 15.Qb3 c5 16.f4 Ned3+
17.Bxd3 Nxd3+ 18.Qxd3 cxd4 19.Qxd4 Qxd4 20.exd4 Be6 21.Kf2 Rfe8 22.f5 Bc4
23.Be3 Rac8 24.b3 Bd5 25.Rac1 b6 26.f6 g5 27.Bd2 Kh7 28.Bb4 Rxc1 29.Rxc1 Re4
30.h3 Rxd4 31.Bd6 Rd2+ 32.Ke3 Rxa2 33.Rc8 Bxb3 34.Ra8 Bd5 35.Rd8 Be6 36.Re8 Bc4
37.Kf3 Bd5+ 38.Ke3 b5  0-1

[Event "Velammal 45th National A ch-IND"]
[Site "Chennai IND"]
[Date "2008.02.11"]
[Round "9"]
[White "Thejkumar,M"]
[Black "Barua,D"]
[Result "1/2-1/2"]
[WhiteElo "2382"]
[BlackElo "2491"]

1.d4 d5 2.c4 e6 3.Nc3 Nf6 4.Nf3 c6 5.e3 Nbd7 6.Bd3 h6 7.O-O Bd6 8.e4 dxe4
9.Nxe4 Nxe4 10.Bxe4 O-O 11.Bc2 e5 12.Re1 Bb4 13.Re2 exd4 14.Bf4 Nf6 15.Qd3 Bg4
16.Be5 g6 17.h3 Bxf3 18.Qxf3 Be7 19.Rd1 c5 20.Qxb7 Bd6 21.Bxf6 Qxf6 22.Be4 Rae8
23.Qb3 h5 24.Qf3 Qg5 25.g3 h4 26.Kg2 Kg7 27.Rde1 Re6 28.Bd3 hxg3 29.fxg3 Rf6
30.Qg4 Qxg4 31.hxg4 Kh6 32.Re8 Rxe8 33.Rxe8 Kg5 34.Re4 a5 35.b3 Kh6 36.Re8 Kg7
37.g5 Re6 38.Rxe6 fxe6 39.Kf3 Kf7 40.a4 Kg7 41.Bc2 Be5 42.Bd3 Kf7 43.Bc2 d3
44.Bxd3 Bc3 45.Be4 Bd2 46.Kg4  1/2-1/2

[Event "10th TCh-Euro sen"]
[Site "Dresden GER"]
[Date "2008.02.11"]
[Round "1"]
[White "Kanko,I"]
[Black "Norman,D"]
[Result "1-0"]
[WhiteElo "2219"]
[BlackElo "1971"]

1.d4 d5 2.c4 c6 3.Nf3 Nf6 4.Nc3 e6 5.e3 Nbd7 6.Bd3 dxc4 7.Bxc4 b5 8.Bd3 a6
9.O-O Bb7 10.a4 b4 11.Ne4 Nxe4 12.Bxe4 Nf6 13.Bd3 c5 14.Qe2 Qb6 15.a5 Qc7
16.e4 Be7 17.dxc5 Qxc5 18.Bg5 Qc7 19.Rfc1 Qd8 20.Ne5 O-O 21.Nc6 Bxc6 22.Rxc6 e5
23.Rxa6 h6 24.Rxa8 Qxa8 25.Bxf6 Bxf6 26.a6 Qa7 27.Bc4 Rd8 28.Bd5 Rc8 29.Qe3 Rc7
30.Qxa7 Rxa7 31.Bb7 Be7 32.Rc1 f6 33.Rc7 Kf8 34.b3 Bd6 35.Rd7 Be7 36.Kf1 Bc5
37.f3 Bd4 38.Ke2 Kg8 39.Kd3 Bc5 40.Kc4  1-0

[Event "10th TCh-Euro sen"]
[Site "Dresden GER"]
[Date "2008.02.11"]
[Round "1"]
[White "Andrich,H"]
[Black "Gohlke,H"]
[Result "0-1"]
[WhiteElo "1992"]
[BlackElo "2103"]

1.d4 d5 2.c4 c6 3.Nf3 e6 4.e3 Nf6 5.Nc3 Be7 6.Bd3 dxc4 7.Bxc4 Nbd7 8.O-O b5
9.Bd3 a5 10.e4 b4 11.Na4 O-O 12.b3 Ba6 13.Bxa6 Rxa6 14.Qe2 Ra8 15.Bb2 Nb6
16.Nxb6 Qxb6 17.Rac1 Nd7 18.Nd2 a4 19.Nc4 Qb5 20.Qc2 axb3 21.axb3 Qb7 22.Ne3 c5
23.d5 Ra6 24.Ra1 Bf6 25.Rxa6 Qxa6 26.Ra1 Qd6 27.f3 Bxb2 28.Qxb2 exd5 29.Nxd5 f5
30.Qe2 Qe5 31.Rd1 fxe4 32.fxe4 Nf6 33.Nxf6+ Qxf6 34.Qc4+ Qf7 35.Qxf7+ Rxf7
36.Rc1 Rc7 37.Rc4 Kf7 38.Kf2 Ke6 39.Ke3 Kd6 40.Rc2 Kc6 41.Rd2 Ra7 42.Kd3 Ra1
43.Rf2 Rc1 44.Rc2 Rb1 45.Ra2 Rxb3+ 46.Kc2 Rc3+  0-1

[Event "10th TCh-Euro sen"]
[Site "Dresden GER"]
[Date "2008.02.11"]
[Round "1"]
[White "Stull,N"]
[Black "Lauterbach,E"]
[Result "1-0"]
[WhiteElo "2184"]
[BlackElo "1735"]

1.d4 d5 2.c4 e6 3.Nc3 Nf6 4.Nf3 c6 5.e3 Be7 6.Bd3 dxc4 7.Bxc4 Nbd7 8.O-O O-O
9.Qe2 Qc7 10.e4 b5 11.Bd3 a6 12.Bg5 e5 13.Rac1 Qd6 14.dxe5 Nxe5 15.Nxe5 Qxe5
16.f4 Qd4+ 17.Kh1 Bg4 18.Bxf6 Bxe2 19.Bxd4 Bxd3 20.Rfd1 Bc4 21.b3 Be6 22.f5 Bc8
23.Ne2 Bb7 24.Bc5 Bxc5 25.Rxc5 Rfd8 26.Rcc1 Rac8 27.b4 Kf8 28.Kg1 Ke7 29.Nd4 Rd7
30.Nb3 Rxd1+ 31.Rxd1 Rd8 32.Rxd8 Kxd8 33.Kf2 Ke7 34.Ke3 Kd6 35.Kd4 f6 36.g4 g5
37.fxg6 hxg6 38.h4 Bc8 39.h5 gxh5 40.gxh5 Be6 41.h6 Bg8 42.Nc5 Kc7 43.Nxa6+ Kb6
44.Nc5 Kc7 45.Ne6+ Kd7 46.Nf8+ Ke8 47.h7 Bxh7 48.Nxh7 Kf7 49.Kc5 Kg7 50.Nxf6  1-0

[Event "10th TCh-Euro sen"]
[Site "Dresden GER"]
[Date "2008.02.11"]
[Round "1"]
[White "Arkhangelsky,B"]
[Black "Olgac,K"]
[Result "1-0"]
[WhiteElo "2358"]
[BlackElo "2131"]

1.d4 Nf6 2.c4 e6 3.Nf3 d5 4.Nc3 c6 5.e3 Bb4 6.a3 Bxc3+ 7.bxc3 O-O 8.Bd3 Qa5
9.Qc2 dxc4 10.Bxc4 Nbd7 11.O-O b5 12.Bd3 c5 13.c4 bxc4 14.Bxc4 cxd4 15.Bd2 Qc7
16.Nxd4 Nb6 17.Rfc1 Bb7 18.Be2 Qe5 19.Nc6 Bxc6 20.Qxc6 Rfc8 21.Qb5 Nbd5 22.Qa6 Rxc1+
23.Rxc1 h5 24.Bd3 g6 25.Qc4 Nb6 26.Qb5 Nbd5 27.Qa6 Nb6 28.Qa5 Nbd5 29.Bc3 Qd6
30.Bd4 Qe7 31.g3 e5 32.Bc5 Qd7 33.Bf1 Rc8 34.Bg2 e4 35.Rd1 Qc6 36.Bd4 Qc2
37.Rf1 Qc7 38.Qxa7 Qc6 39.Qa5 Ra8 40.Qc5 Qxc5 41.Bxc5 Nd7 42.Bb4 f5 43.Rd1 Nxb4
44.axb4 Ne5 45.Rb1 Nd3 46.b5 Kf7 47.f3 exf3 48.Bxf3 Rb8 49.b6 Nc5 50.b7 Ke7
51.Rb6 g5 52.Rh6 Ne4 53.Bxe4 fxe4 54.Rxh5 Kf6 55.Rh7 Kf5 56.Rg7 Rd8 57.Rd7 Rb8
58.Rc7 Ke6 59.h4 Rd8 60.Rc6+ Kd7 61.Rc8 Rxc8 62.bxc8=Q+ Kxc8  1-0

[Event "FSGM February"]
[Site "Budapest HUN"]
[Date "2008.02.12"]
[Round "11"]
[White "Farago,I"]
[Black "Prohaszka,P2"]
[Result "0-1"]
[WhiteElo "2475"]
[BlackElo "2495"]

1.d4 d5 2.c4 c6 3.Nf3 Nf6 4.Nc3 e6 5.e3 Nbd7 6.Qc2 Bd6 7.Bd3 O-O 8.O-O dxc4
9.Bxc4 a6 10.Rd1 b5 11.Be2 Qc7 12.Ne4 Nxe4 13.Qxe4 e5 14.Qc2 exd4 15.exd4 Re8
16.Bd3 h6 17.Bd2 Nf6 18.Rac1 Bg4 19.Qxc6 Bxh2+ 20.Kh1 Qxc6 21.Rxc6 Bb8 22.Re1 Rxe1+
23.Bxe1 Bd7 24.Rc2 Ba7 25.Bb4 Re8 26.Bc5 Bb8 27.Kg1 Be6 28.b3 Bd5 29.Kf1 Nh5
30.Re2 Rxe2 31.Bxe2 Nf4 32.Bd1 Nd3 33.Nd2 Nxc5 34.dxc5 Ba7 35.b4 Bxa2 36.Nb3 Bxb3
37.Bxb3 Kf8 38.Ke2 a5 39.bxa5 Bxc5 40.f3 Ke7 41.Bd5 f5 42.Bc6 b4 43.Kd3 Kd6
44.Be8 Bf2 45.g4 Ke5 46.Bd7 g6 47.Ba4 h5 48.Ke2 Bd4 49.Be8 h4 50.Kd3 h3  0-1

[Event "FSGM February"]
[Site "Budapest HUN"]
[Date "2008.02.13"]
[Round "12"]
[White "Rajlich,I"]
[Black "Nguyen Huynh Minh Huy"]
[Result "1/2-1/2"]
[WhiteElo "2437"]
[BlackElo "2398"]

1.d4 d5 2.c4 c6 3.Nc3 Nf6 4.e3 e6 5.Nf3 a6 6.b3 Bb4 7.Bd2 Nbd7 8.Bd3 O-O
9.O-O Bd6 10.e4 dxc4 11.bxc4 e5 12.d5 Nc5 13.Bc2 Bg4 14.h3 Bh5 15.Bg5 h6
16.Bxf6 Qxf6 17.g4 Bg6 18.Qe2 Rfd8 19.Rab1 Rab8 20.Qe3 Nd7 21.dxc6 bxc6 22.Na4 Nf8
23.c5 Bc7 24.Rxb8 Bxb8 25.Rd1 Ne6 26.Rxd8+ Qxd8 27.Nb6 Qe7 28.Na4 Qd8 29.Nb6 Qe7
30.Na4 Qd8 31.Nb6  1/2-1/2

[Event "10th TCh-Euro sen"]
[Site "Dresden GER"]
[Date "2008.02.13"]
[Round "3"]
[White "Rodriguez,Ores"]
[Black "Opl,K"]
[Result "0-1"]
[WhiteElo "2428"]
[BlackElo "2313"]

1.d4 d5 2.c4 e6 3.Nc3 c6 4.e3 Nf6 5.Nf3 Nbd7 6.Bd3 dxc4 7.Bxc4 b5 8.Bd3 a6
9.a4 b4 10.Ne4 c5 11.dxc5 Nxc5 12.Nxc5 Bxc5 13.e4 Bb7 14.Qe2 h6 15.O-O Qb8
16.b3 O-O 17.Bb2 Qf4 18.Be5 Qg4 19.Rac1 Rfc8 20.h3 Qh5 21.Rc2 Nd7 22.Bg3 Bb6
23.Rxc8+ Bxc8 24.Bd6 Nc5 25.Bc2 Bb7 26.Kh2 Rc8 27.g4 Qg6 28.Ne5 Qf6 29.Nc4 Bc7
30.f4 Qd4 31.Rd1 Qc3 32.Bxc7 Rxc7 33.Rd8+ Kh7 34.e5+ g6 35.Nd6 Qd4 36.Kg3 Qc3+
37.Kh4 Bc6 38.g5 hxg5+ 39.Kxg5 Kg7 40.Kg4 Nxb3 41.Be4 Nd4 42.Qf2 Bxa4 43.Qh4 Bd1+
44.Kg5 Nf3+ 45.Bxf3 f6+ 46.exf6+ Qxf6+ 47.Kg4 Bxf3+ 48.Kg3 Qxh4+ 49.Kxh4 Bc6
50.Rb8 a5 51.Kg5 a4 52.Rxb4 a3 53.Rb6 Ra7 54.Rxc6 a2 55.Nb5 a1=Q 56.Nxa7 Qg1+
57.Kh4 Kf6  0-1

[Event "10th TCh-Euro sen"]
[Site "Dresden GER"]
[Date "2008.02.13"]
[Round "3"]
[White "Kaminik,A"]
[Black "Gohlke,H"]
[Result "1-0"]
[WhiteElo "2247"]
[BlackElo "2103"]

1.d4 d5 2.c4 c6 3.Nf3 Nf6 4.Nc3 e6 5.e3 Ne4 6.Bd3 f5 7.O-O Be7 8.Ne5 O-O
9.f3 Nxc3 10.bxc3 Nd7 11.f4 Nxe5 12.fxe5 Bd7 13.Qb3 Qb6 14.Ba3 Qxb3 15.axb3 Bxa3
16.Rxa3 a6 17.c5 Kf7 18.e4 g6 19.c4 dxe4 20.Bxe4 Ke7 21.Bf3 Rfd8 22.b4 Be8
23.Rd1 Rab8 24.Kf2 g5 25.g3 Bg6 26.Ra5 Be8 27.Ke3 Bd7 28.d5 cxd5 29.cxd5 exd5
30.Rxd5 Bb5 31.Rd6 Rxd6 32.exd6+ Kd7 33.Kd4 b6 34.Ra3 bxc5+ 35.bxc5 f4 36.gxf4 gxf4
37.Bd5 h5 38.Ke5 Rf8 39.Rc3 Re8+ 40.Kxf4 Bc6 41.Bxc6+ Kxc6 42.Kf5 a5 43.Rd3 a4
44.d7 Rd8 45.Ke6 Kc7 46.Ke7 a3 47.c6  1-0

[Event "10th TCh-Euro sen"]
[Site "Dresden GER"]
[Date "2008.02.13"]
[Round "3"]
[White "Stull,N"]
[Black "Schwertel,J"]
[Result "1/2-1/2"]
[WhiteElo "2184"]
[BlackElo "1987"]

1.d4 d5 2.c4 e6 3.Nc3 Nf6 4.Nf3 c6 5.e3 Be7 6.Bd3 O-O 7.O-O Nbd7 8.b3 h6
9.Bb2 Nh7 10.e4 dxe4 11.Nxe4 Nhf6 12.Qe2 Nxe4 13.Bxe4 Re8 14.Ne5 Nxe5 15.dxe5 Qc7
16.Rad1 Bd7 17.Bb1 Bf8 18.Rd3 Red8 19.Bc1 Be8 20.Rg3 g6 21.h4 Bg7 22.f4 h5
23.Rh3 Qe7 24.g4 hxg4 25.Qxg4 f5  1/2-1/2

[Event "10th TCh-Euro sen"]
[Site "Dresden GER"]
[Date "2008.02.14"]
[Round "4"]
[White "Winter,K"]
[Black "Vink,W"]
[Result "0-1"]
[WhiteElo "2048"]
[BlackElo "2058"]

1.c4 Nf6 2.Nc3 e6 3.d4 d5 4.Nf3 c6 5.e3 Nbd7 6.Bd3 dxc4 7.Bxc4 b5 8.Bd3 Bb7
9.O-O Bd6 10.Qc2 a6 11.e4 e5 12.Bg5 Qc7 13.Rac1 Rc8 14.Qe2 O-O 15.Bxf6 Nxf6
16.Nd5 Nxd5 17.exd5 exd4 18.dxc6 Ba8 19.Qe4 g6 20.Rfe1 Bxc6 21.Rxc6 Qxc6
22.Qh4 Rfe8 23.Rxe8+ Qxe8 24.Qxd4 Rc1+ 25.Bf1 Qe2 26.Nd2 Qe5 27.Qh4 Be7 28.Qg4 Qxb2
29.Qd7 Bb4 30.Ne4  0-1

[Event "10th TCh-Euro sen"]
[Site "Dresden GER"]
[Date "2008.02.14"]
[Round "4"]
[White "Gerhardt,PM"]
[Black "Gerusel,M"]
[Result "0-1"]
[WhiteElo "2112"]
[BlackElo "2293"]

1.d4 d5 2.c4 c6 3.e3 Nf6 4.Nc3 e6 5.Nf3 Nbd7 6.Bd3 Bd6 7.O-O O-O 8.b3 dxc4
9.Bxc4 b5 10.Bd3 Bb7 11.Bb2 Qe7 12.Ne4 Nxe4 13.Bxe4 Rac8 14.Qe2 a6 15.Rac1 Rc7
16.Ne5 Nxe5 17.dxe5 Bb4 18.f4 Rd8 19.Rcd1 Rcd7 20.Qf3 g6 21.Rd4 Bc5 22.Rxd7 Qxd7
23.Bc1 Ba7 24.g4 Qc7 25.Ba3 Qa5 26.Bc1 Qc3 27.Qg3 Bb8 28.h4 Bc8 29.g5 c5
30.h5 c4 31.hxg6 fxg6 32.bxc4 Qxc4 33.Qg2 a5 34.Qc2 Qxc2 35.Bxc2 Kf7 36.Rd1 Rxd1+
37.Bxd1 Bb7 38.Bc2 Bd5 39.Bb1 Ba7 40.Kf2 Bc5 41.Ke2 b4 42.Kd3 Ke8 43.e4 Bc6
44.Kc4 Bb6 45.Bc2 Bf2 46.Bd2 Kd7 47.Kb3 Bc5 48.Kc4 Bb6 49.Kb3 Bb5 50.a3 bxa3
51.Kxa3 Kc6 52.Bb3 Kd7 53.Bc2 Bc5+ 54.Kb2 a4 55.Bb1 Bc4 56.Kc3 Bb3 57.f5 Bf2
58.f6 Bg3 59.Kd4 Ke8  0-1

[Event "10th TCh-Euro sen"]
[Site "Dresden GER"]
[Date "2008.02.15"]
[Round "5"]
[White "Nugel,K"]
[Black "Bisse,V"]
[Result "1/2-1/2"]
[WhiteElo "2155"]
[BlackElo "1972"]

1.d4 d5 2.c4 e6 3.Nf3 Nf6 4.Nc3 c6 5.e3 Nbd7 6.Bd3 Bd6 7.e4 dxe4 8.Nxe4 Nxe4
9.Bxe4 O-O 10.O-O Nf6 11.Bc2 Re8 12.b3 Qc7 13.Bb2 Nd7 14.h4 Be7 15.Qd3 Nf8
16.g3 Bf6 17.Rfe1 b6 18.Ne5 Bb7 19.Ng4 Be7 20.Rad1 f5 21.Ne5 Rad8 22.Qe2  1/2-1/2

[Event "10th TCh-Euro sen"]
[Site "Dresden GER"]
[Date "2008.02.15"]
[Round "5"]
[White "Kuettner,U"]
[Black "Vink,W"]
[Result "0-1"]
[WhiteElo "2183"]
[BlackElo "2058"]

1.d4 d5 2.c4 c6 3.Nf3 Nf6 4.Nc3 e6 5.e3 Nbd7 6.Bd3 dxc4 7.Bxc4 b5 8.Bd3 Bb7
9.O-O Bd6 10.e4 e5 11.Bg5 a6 12.Ne2 O-O 13.Ng3 Qc7 14.Rc1 exd4 15.Nxd4 Bf4
16.Bxf4 Qxf4 17.Nxc6 Bxc6 18.Rxc6 Ne5 19.Rc3 b4 20.Rb3 Rfd8 21.Qe2 a5 22.Rd1 Rac8
23.Bc2 Rxd1+ 24.Qxd1 Nfg4 25.Qe2 Qc1+  0-1

[Event "10th TCh-Euro sen"]
[Site "Dresden GER"]
[Date "2008.02.15"]
[Round "5"]
[White "Schmidt,Ger1"]
[Black "Ghijsen,P"]
[Result "1/2-1/2"]
[WhiteElo "2245"]
[BlackElo "2178"]

1.d4 Nf6 2.c4 e6 3.Nf3 d5 4.Nc3 c6 5.e3 Nbd7 6.Qc2 dxc4 7.Bxc4 Bd6 8.e4 e5
9.Be3 O-O 10.Rd1 Qe7 11.O-O exd4 12.Bxd4 Ne5 13.Bxe5 Bxe5 14.Nxe5 Qxe5  1/2-1/2

[Event "XXIV Open"]
[Site "Cappelle La Grande FRA"]
[Date "2008.02.16"]
[Round "1"]
[White "Foisor,O"]
[Black "Deviatkin,A"]
[Result "0-1"]
[WhiteElo "2401"]
[BlackElo "2543"]

1.d4 d5 2.c4 c6 3.e3 Nf6 4.Nc3 e6 5.Nf3 Nbd7 6.Qc2 Bd6 7.b3 O-O 8.Be2 b6
9.O-O Bb7 10.Bb2 Qe7 11.Rad1 Rad8 12.Rfe1 c5 13.cxd5 exd5 14.Nh4 g6 15.Nf3 Rc8
16.Qb1 a6 17.Nd2 Rfe8 18.Bf3 cxd4 19.exd4 Qf8 20.Nf1 b5 21.Ne3 Nb6 22.Ng4 Nxg4
23.Bxg4 Rc7 24.Bf3 b4 25.Rxe8 Qxe8 26.Re1 Re7 27.Rxe7 Qxe7 28.Ne2 h5 29.Bc1 Bc8
30.Bf4 Bg4 31.Bxd6 Qxd6 32.Bxg4 hxg4 33.g3 Nc8 34.Qc1 Na7 35.Qg5 Qe6 36.Kf1 Qe4
37.Nf4 Qh1+ 38.Ke2 Nb5 39.Qxg4 Qe4+ 40.Kf1 Qh1+ 41.Ke2 Nxd4+ 42.Kd2 Qa1 43.Nxd5 Qxa2+
44.Ke1 Qb1+ 45.Qd1 Qe4+ 46.Ne3 a5 47.h4 a4  0-1